[Event "ICS rated blitz match"]
[Site "207.99.83.229"]
[Date "1999.07.08"]
[Round "?"]
[White "Hossa"]
[Black "Beadle"]
[Result "0-1"]
[WhiteElo "2359"]
[BlackElo "2549"]
[PlyCount "89"]

1. e3 d5 2. Nf3 Nf6 3. d4 Bg4 4. Bb5+ Nbd7 5. O-O e6 6. b3 Bxf3 7. Qxf3 c6 8.
Bd3 Qa5 9. c4 dxc4 10. Bxc4 Ne5 11. Qg3 Nxc4 12. bxc4 Ne4 13. Qf3 f5 14. Qh5+
g6 15. Qe2 O-O-O 16. Nd2 Nc3 17. Qd3 Na4 18. Nb3 Qa6 19. a3 Nb6 20. Nd2 e5 21.
Bb2 Na4 22. Rfb1 Bg7 23. Qc2 Nxb2 24. Qxb2 exd4 25. Nb3 Qxc4 26. Na5 Qa6 27.
Nxb7 Rd5 28. Ra2 Be5 29. Qc1 dxe3 30. fxe3 Rb5 31. Rxb5 Qxb5 32. Nc5 Rd8 33.
Rc2 Rd6 34. a4 Qb4 35. h3 Qh4 36. Qf1 Qg3 37. Qb1 Qxe3+ 38. Kh1 Qf4 39. Qb7+
Kd8 40. Qb8+ Ke7 41. Qxa7+ Kf6 42. Nd7+ Rxd7 43. Qg1 Rd1 44. g3 Qf3+ 45. Rg2 {
Hossa resigns} 0-1

[Event "ICS Rated blitz match"]
[Site "207.99.83.229"]
[Date "1999.07.08"]
[Round "?"]
[White "Beadle"]
[Black "Hossa"]
[Result "0-1"]
[WhiteElo "2557"]
[BlackElo "2351"]
[PlyCount "142"]

1. d4 d5 2. Nf3 Nf6 3. c4 e6 4. Nc3 Bb4 5. Bg5 O-O 6. e3 c5 7. dxc5 Bxc3+ 8.
bxc3 Qe7 9. cxd5 exd5 10. Qd4 Nc6 11. Bxf6 gxf6 12. Qxd5 Rd8 13. Qh5 Ne5 14.
Nxe5 Qxe5 15. Qxe5 fxe5 16. Rb1 Rd7 17. Rb5 Rc7 18. Ra5 Be6 19. Be2 f6 20. O-O
e4 21. f3 f5 22. fxe4 fxe4 23. Rf4 Bd5 24. Rf5 Bc6 25. Bc4+ Kg7 26. Rg5+ Kf6
27. h4 Rd7 28. Kf2 Rd2+ 29. Ke1 Rc2 30. Ra3 h6 31. Rg4 Rd8 32. Rf4+ Kg6 33. Be2
Kh7 34. Rf7+ Kg6 35. Bc4 Rdd2 36. Bb3 Rb2 37. g4 Re2+ 38. Kd1 Rxe3 39. h5+ Kg5
40. Kc1 Rg2 41. Bd1 Rg1 42. Rg7+ Kh4 43. Kc2 Rd3 44. Rxa7 Rgxd1 45. Kb3 Rd7 46.
Rg6 e3 47. c4 Rb1+ 48. Kc3 e2 49. Re6 e1=Q+ 50. Rxe1 Rxe1 51. Ra8 Kxg4 52. Rg8+
Kxh5 53. Rg3 Rc1+ 54. Kb4 Rd4 55. Rc3 Rxc3 56. Kxc3 Rh4 57. Kb3 Bd7 58. Kb4 Kg5
59. c6 Bxc6 60. Kc3 h5 61. Kb3 Rh2 62. a4 Bxa4+ 63. Kxa4 b5+ 64. cxb5 Rb2 65.
Ka3 Rxb5 66. Ka4 Rb1 67. Ka3 h4 68. Ka4 h3 69. Ka5 h2 70. Ka4 h1=Q 71. Ka3
71... Qa8# {Beadle checkmated} 0-1

[Event "ICS rated blitz match"]
[Site "207.99.83.229"]
[Date "1999.07.08"]
[Round "?"]
[White "Hossa"]
[Black "Beadle"]
[Result "0-1"]
[WhiteElo "2376"]
[BlackElo "2532"]
[PlyCount "139"]

1. Nf3 Nf6 2. c4 e6 3. e3 Bb4 4. Be2 Nc6 5. O-O d5 6. d4 Ne4 7. Bd2 Bd7 8. Bxb4
Nxb4 9. Qb3 a5 10. a3 dxc4 11. Bxc4 Nc6 12. d5 a4 13. Qc2 exd5 14. Bxd5 Nf6 15.
Bxc6 Bxc6 16. Ne5 Be4 17. Qc5 Qe7 18. Qxe7+ Kxe7 19. Nc3 Rhd8 20. Rfd1 Bc2 21.
Rdc1 Bd3 22. Na2 c6 23. Nc3 Bf5 24. Rd1 Bc2 25. Rxd8 Rxd8 26. Re1 Ne4 27. Nxe4
Bxe4 28. f3 f6 29. Nc4 Bd3 30. Nd2 Bf5 31. Re2 Bc2 32. e4 Bd3 33. Re1 Ba6 34.
Nb1 Bc4 35. e5 b5 36. exf6+ Kxf6 37. Nc3 Rd3 38. Rc1 Rd4 39. Ne4+ Kf5 40. h3 h5
41. Kh1 h4 42. Kh2 Kf4 43. Re1 Rd5 44. Nc3 Re5 45. Rd1 g5 46. Rd4+ Ke3 47. Rg4
Be6 48. f4 Bxg4 49. fxe5 Be6 50. g3 hxg3+ 51. Kxg3 Kd4 52. h4 gxh4+ 53. Kxh4
Kxe5 54. Kg5 Bf5 55. Na2 Bh7 56. Kh4 Bg8 57. Nb4 Bd5 58. Kg4 c5 59. Nd3+ Kd4
60. Nf4 Ke4 61. Kg5 b4 62. axb4 cxb4 63. Kg4 Bc4 64. Ng2 a3 65. bxa3 b3 66. Nh4
b2 67. Ng6 b1=Q 68. Kg5 Qb5+ 69. Kh6 Kf5 70. Kh5 {Hossa resigns} 0-1

[Event "ICS Rated blitz match"]
[Site "207.99.83.229"]
[Date "1999.07.08"]
[Round "?"]
[White "Beadle"]
[Black "Hossa"]
[Result "1-0"]
[WhiteElo "2541"]
[BlackElo "2367"]
[PlyCount "61"]

1. e4 c5 2. Nf3 Nc6 3. d4 cxd4 4. Nxd4 e5 5. Nb5 d6 6. N1c3 a6 7. Na3 b5 8. Nd5
Nce7 9. Nxb5 axb5 10. Bxb5+ Bd7 11. Bxd7+ Kxd7 12. Nc3 f5 13. f4 exf4 14. Bxf4
Qb6 15. Qd3 fxe4 16. Nxe4 Qxb2 17. Qxd6+ Ke8 18. O-O Nf6 19. Bg5 Qxc2 20. Nxf6+
gxf6 21. Qxf6 Qc5+ 22. Kh1 Rg8 23. Qf7+ Kd7 24. Rfd1+ Kc7 25. Bf4+ Kb6 26.
Rab1+ Ka6 27. Qb3 Rb8 28. Rd6+ Rb6 29. Rxb6+ Ka7 30. Qa4+ Qa5 31. Qxa5# {
Hossa checkmated} 1-0

[Event "ICS rated bullet match"]
[Site "207.99.83.229"]
[Date "1999.07.08"]
[Round "?"]
[White "Hossa"]
[Black "DiepX"]
[Result "1/2-1/2"]
[WhiteElo "2380"]
[BlackElo "2566"]
[PlyCount "138"]

1. e4 e5 2. Nf3 Nf6 3. Nxe5 d6 4. Nf3 Nxe4 5. Qe2 Qe7 6. d3 Nf6 7. Bg5 Qxe2+ 8.
Bxe2 Be7 9. Nc3 c6 10. O-O Na6 11. Ne4 Nxe4 12. Bxe7 Nc3 13. bxc3 Kxe7 14. d4
Nc7 15. c4 c5 16. dxc5 dxc5 17. Rfe1 f6 18. Nh4 Kf7 19. Rad1 Re8 20. Bh5+ g6
21. Rxe8 Kxe8 22. Be2 Ke7 23. Re1 Be6 24. Bd3 Rd8 25. Nf3 b6 26. a4 Na6 27. Re3
Kf7 28. Re1 Nb4 29. Be4 Na2 30. Bd3 Bg4 31. Ra1 Nc3 32. Ra3 Nb1 33. Rb3 Bxf3
34. Rxb1 Bc6 35. Ra1 a5 36. h4 Ke6 37. f4 Rd4 38. g3 Bd7 39. Kh2 Bc6 40. Kg1
Rd7 41. f5+ gxf5 42. Re1+ Kf7 43. Bxf5 Rd6 44. Bxh7 Rd2 45. Kf1 Bxa4 46. Re2
Rxe2 47. Kxe2 Ke6 48. g4 Ke5 49. Ke3 Bc6 50. g5 fxg5 51. hxg5 a4 52. Kd2 Bd7
53. Bd3 a3 54. Kc3 Ba4 55. g6 Ke6 56. Be4 Ke7 57. Bd5 Kf8 58. Be4 Kg7 59. Bd3
Be8 60. Kb3 Bxg6 61. Bxg6 Kxg6 62. Kxa3 Kf5 63. Kb3 Ke6 64. Ka4 Ke5 65. Kb5 Kd4
66. Kxb6 Kxc4 67. Kc6 Kd4 68. c3+ Kd3 69. Kxc5 69... Kxc3 {
Game drawn because neither player has mating material} 1/2-1/2

[Event "ICS rated bullet match"]
[Site "207.99.83.229"]
[Date "1999.07.08"]
[Round "?"]
[White "DiepX"]
[Black "Hossa"]
[Result "1-0"]
[WhiteElo "2558"]
[BlackElo "2388"]
[PlyCount "51"]

1. e4 c5 2. Nf3 e6 3. d4 cxd4 4. Nxd4 Nc6 5. Nc3 Nf6 6. Ndb5 d6 7. Bf4 e5 8.
Bg5 a6 9. Na3 b5 10. Bxf6 gxf6 11. Nd5 Bg7 12. c3 f5 13. exf5 Bxf5 14. Nc2 O-O
15. Nce3 Bg6 16. h4 b4 17. h5 Be4 18. h6 Bh8 19. Qa4 Ne7 20. Qxb4 Nxd5 21. Nxd5
Bf5 22. Bxa6 Re8 23. Bb5 Rb8 24. a4 Qg5 25. Qxd6 Rbd8 26. Rh5 {Hossa resigns}
1-0

[Event "ICS rated bullet match"]
[Site "207.99.83.229"]
[Date "1999.07.08"]
[Round "?"]
[White "Hossa"]
[Black "DiepX"]
[Result "0-1"]
[WhiteElo "2379"]
[BlackElo "2567"]
[PlyCount "68"]

1. e4 e5 2. Nf3 Nf6 3. d4 Nxe4 4. Bd3 d5 5. Nxe5 Bd6 6. O-O O-O 7. c4 Nc6 8.
Nxc6 bxc6 9. cxd5 cxd5 10. Bxe4 dxe4 11. Qh5 Ba6 12. Re1 f5 13. Bg5 Qb8 14. b3
Qb4 15. Rd1 Bd3 16. Be3 Rae8 17. Nd2 f4 18. a3 Qb7 19. Rdc1 fxe3 20. fxe3 c5
21. Nc4 Bxc4 22. bxc4 Qf7 23. Qxf7+ Kxf7 24. Rf1+ Ke6 25. d5+ Ke5 26. Rxf8 Rxf8
27. Rc1 Rb8 28. Rf1 a5 29. g4 g6 30. g5 Rb3 31. Rf6 Bb8 32. Rf8 Bc7 33. Re8+
Kf5 34. Rc8 34... Bd6 {Hossa resigns} 0-1

[Event "ICS rated bullet match"]
[Site "207.99.83.229"]
[Date "1999.07.08"]
[Round "?"]
[White "DiepX"]
[Black "Hossa"]
[Result "1-0"]
[WhiteElo "2575"]
[BlackElo "2371"]
[PlyCount "66"]

1. e4 c5 2. Nf3 e6 3. d4 cxd4 4. Nxd4 Nc6 5. Nc3 Nf6 6. Ndb5 d6 7. Bf4 e5 8.
Bg5 a6 9. Na3 b5 10. Bxf6 gxf6 11. Nd5 Qa5+ 12. c3 f5 13. exf5 Kd8 14. Qh5 b4
15. Qxf7 bxc3 16. Nxc3 Be7 17. Nc4 Qb4 18. f6 Bf8 19. Rd1 Nd4 20. a3 Qb8 21.
Rd2 a5 22. Bd3 Be6 23. Qh5 Nb3 24. Rd1 Nc5 25. Nxe5 Qxb2 26. Ne2 Rc8 27. Nf7+
Bxf7 28. Qxf7 Qxa3 29. Bf5 Rc7 30. Qd5 Ra7 31. Rb1 Na6 32. Qe6 Qc5 33. Rc1
33... Rc7 {Hossa resigns} 1-0

[Event "ICS rated bullet match"]
[Site "207.99.83.229"]
[Date "1999.07.08"]
[Round "?"]
[White "Hossa"]
[Black "DiepX"]
[Result "0-1"]
[WhiteElo "2363"]
[BlackElo "2583"]
[PlyCount "64"]

1. e4 e5 2. Nf3 Nc6 3. Bb5 a6 4. Bxc6 dxc6 5. O-O f6 6. d4 exd4 7. Nxd4 c5 8.
Nb3 Qxd1 9. Rxd1 Bg4 10. f3 Be6 11. Be3 b6 12. a4 Kf7 13. Bf4 Rc8 14. a5 g5 15.
Bg3 b5 16. Bf2 Bxb3 17. cxb3 Bd6 18. Rc1 Be5 19. Ra2 Ne7 20. Bxc5 Rhd8 21. Bxe7
Kxe7 22. Nc3 c6 23. g3 Rd2 24. b4 Rcd8 25. Kh1 h5 26. Kg1 h4 27. Kh1 hxg3 28.
Ne2 Rxe2 29. h4 g2+ 30. Kg1 Bd4+ 31. Kh2 g1=Q+ 32. Kh3 32... Qg2# {
Hossa checkmated} 0-1

[Event "ICS Rated blitz match"]
[Site "207.99.83.229"]
[Date "1999.07.08"]
[Round "?"]
[White "MoonShot"]
[Black "Hossa"]
[Result "1-0"]
[WhiteElo "2721"]
[BlackElo "2358"]
[PlyCount "110"]

1. e4 e5 2. Nc3 Nf6 3. Nf3 Nc6 4. Bb5 Bb4 5. O-O O-O 6. Bxc6 dxc6 7. d3 Qd6 8.
Bd2 Bg4 9. Qe2 Rad8 10. Rae1 Qe7 11. Rd1 Nd7 12. Rc1 Qf6 13. Nd5 cxd5 14. Bxb4
c5 15. Bd2 Nb6 16. h3 dxe4 17. hxg4 exf3 18. Qxf3 Qxf3 19. gxf3 c4 20. Be3 cxd3
21. cxd3 Rxd3 22. Rc7 Rb8 23. Rfc1 f6 24. Bxb6 axb6 25. Re7 Rxf3 26. Rcc7 Rf4
27. Rxg7+ Kf8 28. Kf1 b5 29. Rcf7+ Ke8 30. Rxh7 Rxg4 31. Rxf6 Ra8 32. Rf5 Rxa2
33. Rxe5+ Kf8 34. Rxb5 b6 35. Rxb6 Kg8 36. Rd7 Ra8 37. Rbb7 Re8 38. b4 Rh4 39.
b5 Rh5 40. b6 Rh6 41. Rg7+ Kh8 42. Rgf7 Kg8 43. Rfc7 Kh8 44. f3 Rh2 45. Re7 Rf8
46. Kg1 Rh6 47. Rbc7 Rh3 48. b7 Rg3+ 49. Kh2 Rg6 50. Rc8 Rh6+ 51. Kg3 Rg6+ 52.
Kf2 Rgf6 53. b8=Q Rxf3+ 54. Kg2 Rf2+ 55. Kg3 55... Rxc8 {Hossa resigns} 1-0

[Event "ICS rated blitz match"]
[Site "207.99.83.229"]
[Date "1999.07.08"]
[Round "?"]
[White "Hossa"]
[Black "Lundbotanmats"]
[Result "1-0"]
[WhiteElo "2354"]
[BlackElo "2052"]
[PlyCount "69"]

1. e4 e6 2. d4 d5 3. exd5 exd5 4. Nf3 Nf6 5. c4 c6 6. Nc3 h6 7. Be2 Bd6 8. c5
Bc7 9. O-O O-O 10. Bd2 Bf5 11. Qb3 Qc8 12. Nh4 Bh7 13. Rae1 Nbd7 14. Nf3 Rb8
15. Be3 Ne4 16. Nd2 Nxd2 17. Bxd2 Nf6 18. Bf3 Qd7 19. Re2 Rbe8 20. Rfe1 Rxe2
21. Rxe2 Re8 22. Rxe8+ Nxe8 23. Qa4 Nf6 24. Qxa7 Be4 25. Qa8+ Kh7 26. Be2 Bg6
27. Qf8 Ne4 28. Nxe4 dxe4 29. Bc3 f6 30. Bc4 Bf5 31. Bf7 h5 32. Qg8+ Kh6 33.
Qh8+ Kg5 34. Qxh5+ Kf4 35. g3# {Lundbotanmats checkmated} 1-0

[Event "ICS rated blitz match"]
[Site "207.99.83.229"]
[Date "1999.07.08"]
[Round "?"]
[White "pille"]
[Black "Hossa"]
[Result "1-0"]
[WhiteElo "1972"]
[BlackElo "2359"]
[PlyCount "121"]

1. e4 c6 2. d4 d5 3. Nc3 dxe4 4. Nxe4 Nf6 5. Nxf6+ gxf6 6. c3 Rg8 7. Qh5 Qd5 8.
Qxd5 cxd5 9. Bf4 Nc6 10. O-O-O Bd7 11. g3 O-O-O 12. Nf3 Bg4 13. Bg2 Bg7 14. h3
Bh5 15. g4 Bg6 16. Rhe1 Be4 17. Nh4 Bxg2 18. Nxg2 e5 19. Be3 Rge8 20. Nh4 Kb8
21. Nf5 Bh8 22. dxe5 fxe5 23. Bg5 f6 24. Bh4 d4 25. cxd4 Nxd4 26. Nxd4 Rxd4 27.
Rxd4 Rc8+ 28. Kd2 exd4 29. Re7 a5 30. Rxh7 Ka7 31. Kd3 a4 32. f4 Kb6 33. Bf2
Kc6 34. Bxd4 Ra8 35. h4 a3 36. bxa3 Rxa3+ 37. Bc3 Ra8 38. h5 Rd8+ 39. Ke3 Re8+
40. Kf3 Rd8 41. g5 Rd3+ 42. Ke4 Rxc3 43. Rxh8 Ra3 44. g6 Rg3 45. Kf5 Rg2 46. h6
Kb5 47. Ra8 Kc6 48. h7 Rd2 49. g7 Rd5+ 50. Kg6 Rd2 51. Kxf6 Rd6+ 52. Kf7 Rd4
53. f5 Rd7+ 54. Kg6 Rd2 55. h8=Q Rg2+ 56. Kf7 Kb5 57. g8=Q Rxa2 58. Qe5+ Kb4
59. Qg4+ Kb3 60. Rxa2 b5 61. Qb2# {Hossa checkmated} 1-0

[Event "ICS Rated blitz match"]
[Site "207.99.83.229"]
[Date "1999.07.08"]
[Round "?"]
[White "brutus"]
[Black "Hossa"]
[Result "0-1"]
[WhiteElo "2124"]
[BlackElo "2330"]
[PlyCount "66"]

1. e4 e5 2. Nf3 Qe7 3. Bc4 f5 4. d3 fxe4 5. dxe4 Nc6 6. O-O d6 7. Nc3 Bg4 8.
Nd5 Qd7 9. c3 O-O-O 10. b4 Nf6 11. Bg5 Be7 12. Bxf6 gxf6 13. Qd3 f5 14. Nd2
fxe4 15. Nxe4 Rdf8 16. f3 Bf5 17. a4 Bh4 18. a5 Kb8 19. b5 Ne7 20. b6 cxb6 21.
axb6 a6 22. Nc7 Bxe4 23. Qxe4 Qc6 24. Bd5 Qxb6+ 25. Kh1 Qxc7 26. Rfb1 Nxd5 27.
Qxd5 Ka7 28. Rb3 Qf7 29. Qd1 Bf2 30. Rba3 Bc5 31. Ra4 Ka8 32. Qd3 Rhg8 33. Qb5
33... Rg7 {brutus resigns} 0-1

[Event "ICS Rated blitz match"]
[Site "207.99.83.229"]
[Date "1999.07.08"]
[Round "?"]
[White "Hossa"]
[Black "pille"]
[Result "1-0"]
[WhiteElo "2337"]
[BlackElo "2009"]
[PlyCount "63"]

1. e4 e6 2. d4 d5 3. exd5 exd5 4. Nf3 Bd6 5. Bb5+ c6 6. Bd3 Qe7+ 7. Be2 Be6 8.
O-O c5 9. dxc5 Bxc5 10. Re1 Nc6 11. Bg5 f6 12. Bf4 Qf7 13. Ba6 bxa6 14. Qxd5
Bxf2+ 15. Kxf2 Nge7 16. Qxe6 Qxe6 17. Rxe6 g5 18. Be3 g4 19. Nd4 Nxd4 20. Bxd4
Rd8 21. Bxf6 Kf7 22. Rxe7+ Kxf6 23. Rxa7 Rc8 24. Rxa6+ Kg5 25. Nc3 Rhf8+ 26.
Kg3 Rc4 27. Re1 Rf5 28. Ne4+ Kh5 29. Nd6 Rxc2 30. Nf7 Rxf7 31. Re5+ Rf5 32.
Rxf5# {pille checkmated} 1-0

[Event "ICS rated blitz match"]
[Site "207.99.83.229"]
[Date "1999.07.08"]
[Round "?"]
[White "newfisher"]
[Black "Hossa"]
[Result "0-1"]
[WhiteElo "1991"]
[BlackElo "2341"]
[PlyCount "53"]

1. e4 c6 2. d4 d5 3. e5 e6 4. Nf3 Ne7 5. Bd3 Na6 6. Bxa6 Qa5+ 7. Nc3 Qxa6 8.
Bf4 Ng6 9. Bg3 Bb4 10. h4 Bd7 11. h5 Ne7 12. h6 gxh6 13. Rxh6 Nf5 14. Rh1 Nxg3
15. fxg3 O-O-O 16. Qd2 Qc4 17. a3 Be7 18. b3 Qa6 19. b4 Bxb4 20. Kf2 Ba5 21.
Rhb1 Rhg8 22. Rb3 c5 23. dxc5 Ba4 24. Rb2 Rg4 25. Rab1 d4 26. Nxd4 Rgxd4 27.
Qd1 {newfisher resigns} 0-1

[Event "ICS rated blitz match"]
[Site "207.99.83.229"]
[Date "1999.07.08"]
[Round "?"]
[White "Hossa"]
[Black "j724"]
[Result "1-0"]
[WhiteElo "2345"]
[BlackElo "2091"]
[PlyCount "81"]

1. e4 d6 2. Nf3 Nf6 3. Nc3 g6 4. d4 Bg7 5. Bb5+ c6 6. Bd3 O-O 7. O-O Nbd7 8.
Bg5 h6 9. Be3 e5 10. dxe5 dxe5 11. Qd2 Kh7 12. h3 Qc7 13. Rad1 Re8 14. Qc1 Nf8
15. a4 a5 16. Rd2 Ne6 17. Bc4 Bf8 18. Rd3 Nc5 19. Bxc5 Bxc5 20. Rfd1 Be6 21.
Bxe6 Rxe6 22. Qd2 Ree8 23. Qe1 Bb4 24. R1d2 Re7 25. Qe3 Nh5 26. Rd1 Nf4 27.
R3d2 Ne6 28. Nh2 h5 29. Nf3 Kg7 30. Kh1 Bc5 31. Qe2 Nd4 32. Qd3 Rd8 33. Qc4 Ba7
34. Ne2 b5 35. axb5 cxb5 36. Qxc7 Rxc7 37. Nxe5 Re8 38. Nxd4 Rxe5 39. f4 Rxe4
40. Nxb5 Rb7 41. Nd6 {j724 resigns} 1-0

[Event "ICS rated bullet match"]
[Site "207.99.83.229"]
[Date "1999.07.08"]
[Round "?"]
[White "Air"]
[Black "Hossa"]
[Result "0-1"]
[WhiteElo "2032"]
[BlackElo "2405"]
[PlyCount "100"]

1. d4 d5 2. e3 Nf6 3. Nf3 e6 4. Bd3 Bd6 5. Nbd2 O-O 6. O-O Nc6 7. c3 e5 8. dxe5
Nxe5 9. Nxe5 Bxe5 10. Nf3 Bg4 11. h3 Bxf3 12. Qxf3 Qd6 13. Rd1 Rae8 14. Bd2 Re7
15. Be1 c5 16. Bd2 a6 17. Bc2 Ree8 18. Be1 Kh8 19. Bd2 Rd8 20. Be1 Rfe8 21. Bd2
Kg8 22. Be1 Rd7 23. Bd2 Ne4 24. Be1 Bh2+ 25. Kh1 Ng5 26. Qe2 Be5 27. Bd2 Ne4
28. Bxe4 dxe4 29. Be1 Qe6 30. Rxd7 Qxd7 31. Rd1 Qe6 32. Qc2 Qxa2 33. Bd2 Rd8
34. Bc1 Qa5 35. Rxd8+ Qxd8 36. g3 Qd3 37. Qxd3 exd3 38. Bd2 c4 39. Kg2 Kf8 40.
f4 Bd6 41. Kf3 Ke7 42. e4 Ke6 43. Ke3 Bc5+ 44. Kf3 a5 45. f5+ Kd6 46. Bf4+ Kc6
47. Be5 f6 48. Bf4 Bd6 49. g4 Bxf4 50. h4 50... Bc1 {Air resigns} 0-1

[Event "ICS rated blitz match"]
[Site "207.99.83.229"]
[Date "1999.07.08"]
[Round "?"]
[White "Hossa"]
[Black "dyarbro"]
[Result "1/2-1/2"]
[WhiteElo "2351"]
[BlackElo "2329"]
[PlyCount "45"]

1. e4 d5 2. exd5 Qxd5 3. Nc3 Qa5 4. Nf3 Nf6 5. Bb5+ c6 6. Bc4 Bg4 7. O-O e6 8.
d4 Nbd7 9. Bd2 Qh5 10. Be2 Bd6 11. h3 Bxh3 12. Ne5 Qh4 13. Nc4 Bc7 14. gxh3
Qxh3 15. f4 O-O-O 16. Rf3 Qg4+ 17. Kh1 h5 18. Rf2 Qh3+ 19. Rh2 Qg3 20. Rg2 Qh3+
21. Rh2 Qg3 22. Rg2 Qh3+ 23. Rh2 {Game drawn by repetition} 1/2-1/2

[Event "ICS Rated standard match"]
[Site "207.99.83.229"]
[Date "1999.07.08"]
[Round "?"]
[White "fridus"]
[Black "Hossa"]
[Result "1/2-1/2"]
[WhiteElo "1897"]
[BlackElo "2291"]
[PlyCount "231"]

1. e4 c6 2. d4 d5 3. Nc3 dxe4 4. Nxe4 Nf6 5. Nxf6+ exf6 6. Bc4 Qe7+ 7. Qe2 Be6
8. Bxe6 Qxe6 9. Qxe6+ fxe6 10. Ne2 Na6 11. O-O Nb4 12. c3 Nd5 13. Nf4 Nxf4 14.
Bxf4 Kd7 15. Rfe1 g5 16. Bd2 Bd6 17. Re2 Rae8 18. Rae1 b5 19. b3 g4 20. c4 h5
21. Bc3 b4 22. Bd2 a5 23. Bc1 Re7 24. Bb2 Rh6 25. Bc1 Rhh7 26. Bb2 h4 27. Re4
Rhg7 28. g3 h3 29. Kf1 Rg5 30. Bc1 Rg8 31. R1e2 Rg6 32. Ke1 f5 33. R4e3 f4 34.
Re4 fxg3 35. fxg3 Rf7 36. Rf2 Rxf2 37. Kxf2 Kc7 38. Bf4 Kd7 39. Ke3 Be7 40. Kd3
Bd8 41. Re5 Rg7 42. Rh5 Rf7 43. Ke4 Rg7 44. Rh8 Ke7 45. Rh5 Kd7 46. Rh8 Ke7 47.
Bh6 Rg6 48. Bf8+ Kd7 49. Rh6 Rxh6 50. Bxh6 Bc7 51. Bf4 Bd8 52. Be5 Bg5 53. Bf4
Bd8 54. d5 cxd5+ 55. cxd5 exd5+ 56. Kf5 Bc7 57. Bd2 Bxg3 58. Kxg4 Bxh2 59. Kxh3
Bg1 60. Kg4 Bd4 61. Kf3 Kc6 62. Ke2 Be5 63. Kd3 Bb2 64. Bg5 Kb6 65. Bd8+ Kb5
66. Kc2 Bd4 67. Kd3 Bb6 68. Be7 Bc5 69. Bd8 Ba7 70. Be7 Kc6 71. Bf6 Bb6 72. Bb2
Bc5 73. Bf6 Kd7 74. Be5 Bf2 75. Bb8 Kc6 76. Be5 Bh4 77. Bb8 Bf6 78. Bf4 Bg7 79.
Bb8 Bb2 80. Bf4 Kc5 81. Be3+ Kb5 82. Bg5 Be5 83. Bd8 Ba1 84. Be7 Bh8 85. Bd8
Be5 86. Be7 Ba1 87. Bd8 Bh8 88. Be7 Kb6 89. Bd8+ Ka6 90. Be7 Bg7 91. Bd8 Be5
92. Be7 Kb6 93. Bd8+ Bc7 94. Bf6 Kc5 95. Be7+ Kc6 96. Bf6 Kd6 97. Bd4 Bd8 98.
Bg7 Bb6 99. Bh8 Ke6 100. Bb2 Bg1 101. Ba1 Kf5 102. Bg7 Bc5 103. Bb2 Bb6 104.
Bg7 Bf2 105. Bb2 Ke6 106. Bg7 Bc5 107. Bb2 Kd6 108. Bg7 a4 109. Bf8+ Kc6 110.
Bxc5 axb3 111. Bxb4 bxa2 112. Bc3 Kc5 113. Kc2 d4 114. Bxd4+ Kxd4 115. Kb2
a1=Q+ 116. Kxa1 {Game drawn because neither player has mating material} 1/2-1/2

[Event "ICS rated blitz match"]
[Site "207.99.83.229"]
[Date "1999.07.08"]
[Round "?"]
[White "Hossa"]
[Black "fiancheto2"]
[Result "1-0"]
[WhiteElo "2354"]
[BlackElo "1956"]
[PlyCount "87"]

1. e4 c5 2. Nf3 d6 3. d4 cxd4 4. Qxd4 Nf6 5. Qa4+ Bd7 6. Bb5 Qb6 7. Nc3 a6 8.
Bxd7+ Nbxd7 9. O-O e6 10. Qb3 Qxb3 11. axb3 Be7 12. Bf4 Nb6 13. e5 dxe5 14.
Nxe5 O-O 15. Rad1 Rfd8 16. Ne2 Nfd5 17. Rfe1 f6 18. Ng4 Nxf4 19. Nxf4 Rxd1 20.
Rxd1 Kf7 21. c4 Rd8 22. Rxd8 Bxd8 23. Nd3 Be7 24. Ne3 g5 25. g4 Nd7 26. b4 b6
27. Nc2 f5 28. h3 f4 29. Nce1 Kf6 30. Nf3 e5 31. Nd2 h6 32. c5 bxc5 33. bxc5
Ke6 34. Ne4 Kd5 35. Nc3+ Kc4 36. c6 Kxd3 37. cxd7 Kc2 38. Nd5 Bd8 39. Nb4+ Kxb2
40. Nd3+ Kc3 41. Nxe5 a5 42. Nf7 Bc7 43. Nd6 a4 44. Nb5+ {fiancheto2 resigns}
1-0

[Event "ICS rated blitz match"]
[Site "207.99.83.229"]
[Date "1999.07.08"]
[Round "?"]
[White "Beadle"]
[Black "Hossa"]
[Result "1-0"]
[WhiteElo "2562"]
[BlackElo "2357"]
[PlyCount "66"]

1. d4 d5 2. Nf3 Nf6 3. Bf4 e6 4. e3 c5 5. Nc3 cxd4 6. exd4 Bb4 7. Bd3 Bxc3+ 8.
bxc3 O-O 9. O-O b6 10. Re1 Bb7 11. Rb1 Nc6 12. Qd2 Rc8 13. Qc1 Qe7 14. Bg5 Nd8
15. Bxf6 Qxf6 16. Qa3 Nc6 17. h4 Rfd8 18. Re3 Qf4 19. Ng5 h6 20. Rf3 Qxh4 21.
Nxf7 Rf8 22. Bg6 Qg4 23. Rg3 Qf4 24. Re1 e5 25. dxe5 Qd2 26. Rf1 Rxf7 27. Bxf7+
Kxf7 28. Qd6 Ba6 29. Qg6+ Ke7 30. Rf3 Qf4 31. Rxf4 Nxe5 32. Qxg7+ Nf7 33. Rxf7+
33... Kd6 {Hossa resigns} 1-0

[Event "ICS Rated standard match"]
[Site "207.99.83.229"]
[Date "1999.07.08"]
[Round "?"]
[White "Hossa"]
[Black "ChessBlade"]
[Result "1-0"]
[WhiteElo "2278"]
[BlackElo "1964"]
[PlyCount "37"]

1. d4 e6 2. c4 Nf6 3. Nc3 Bb4 4. e3 Bxc3+ 5. bxc3 d6 6. Be2 O-O 7. Nf3 Nc6 8.
Ba3 Ne4 9. Bd3 f5 10. Qc2 Ng5 11. Nxg5 Qxg5 12. O-O Bd7 13. Rab1 Rab8 14. c5 d5
15. c4 Be8 16. cxd5 exd5 17. Bc1 Rf7 18. Qb3 Nxd4 19. exd4 {ChessBlade resigns}
1-0

[Event "ICS rated standard match"]
[Site "207.99.83.229"]
[Date "1999.07.08"]
[Round "?"]
[White "ChessBlade"]
[Black "Hossa"]
[Result "0-1"]
[WhiteElo "1959"]
[BlackElo "2283"]
[PlyCount "78"]

1. c4 c6 2. e4 d5 3. exd5 cxd5 4. d4 Nf6 5. Bf4 Nc6 6. c5 e5 7. dxe5 Ng4 8. Be2
Ngxe5 9. Nf3 Qf6 10. Qc1 Nxf3+ 11. Bxf3 Qe7+ 12. Kf1 Be6 13. Be3 O-O-O 14. Nc3
d4 15. Bxc6 bxc6 16. Bg5 f6 17. Bd2 dxc3 18. Bxc3 Qxc5 19. Kg1 Qc4 20. b3 Qe4
21. Qf1 Qd3 22. Qe1 Bf7 23. Rb1 Ba3 24. Qf1 Qxf1+ 25. Kxf1 Rd3 26. Ba5 c5 27.
Re1 c4 28. b4 c3 29. f3 Rd2 30. Re3 c2 31. Rc3+ Kb7 32. Rc7+ Ka6 33. Rc6+ Kb5
34. Rc5+ Ka4 35. Bc7 c1=R+ 36. Rxc1 Bxc1 37. g3 Re8 38. Bf4 Bc4+ 39. Kg1 39...
Re1# {ChessBlade checkmated} 0-1

[Event "ICS rated standard match"]
[Site "207.99.83.229"]
[Date "1999.07.08"]
[Round "?"]
[White "Hossa"]
[Black "Triorchid"]
[Result "1/2-1/2"]
[WhiteElo "2287"]
[BlackElo "2138"]
[PlyCount "87"]

1. e4 c5 2. Nf3 Nc6 3. d4 cxd4 4. Nxd4 Nf6 5. Nc3 e5 6. Nf5 d5 7. exd5 Bxf5 8.
dxc6 Qxd1+ 9. Nxd1 bxc6 10. Bd3 Bxd3 11. cxd3 Bb4+ 12. Bd2 Nd5 13. Nc3 O-O 14.
O-O Rab8 15. Rab1 Rb7 16. Nxd5 cxd5 17. Bxb4 Rxb4 18. Rfd1 Rfb8 19. b3 f6 20.
Rbc1 R8b7 21. Rc3 Kf7 22. f3 Ke6 23. Re1 a5 24. Kf2 a4 25. bxa4 Rxa4 26. Rc2
Rba7 27. Ra1 Ra3 28. Ke2 h5 29. g3 R7a4 30. Kd2 Kf5 31. Rb2 g5 32. Ke3 Rd4 33.
Rb3 Rxb3 34. axb3 Rb4 35. Rb1 d4+ 36. Kf2 h4 37. g4+ Kf4 38. h3 f5 39. gxf5
Kxf5 40. Ke2 Kf4 41. Kf2 Kf5 42. Ke2 Ke6 43. Kd2 Kf5 44. Ke2 {
Game drawn by repetition} 1/2-1/2

[Event "ICS rated bullet match"]
[Site "207.99.83.229"]
[Date "1999.07.08"]
[Round "?"]
[White "Axelo"]
[Black "Hossa"]
[Result "1-0"]
[WhiteElo "2197"]
[BlackElo "2416"]
[PlyCount "113"]

1. e4 c5 2. Nf3 Nc6 3. Bb5 e6 4. Bxc6 dxc6 5. O-O Nf6 6. d3 Be7 7. b3 O-O 8.
Bb2 Ng4 9. a4 Bh4 10. a5 Qe7 11. Na3 Bd7 12. Nc4 Rfb8 13. h3 Nh6 14. Be5 Rd8
15. Bd6 Qf6 16. Be5 Qe7 17. Bd6 Qf6 18. Kh2 Bg5 19. Be5 Qg6 20. Nxg5 Qxg5 21.
f4 Qh4 22. Qe1 Ng4+ 23. Kg1 Qxe1 24. Raxe1 Nxe5 25. Nxe5 f6 26. Nxd7 Rxd7 27.
a6 b5 28. Ra1 Rad8 29. Rf3 Kf7 30. Raf1 h5 31. g4 hxg4 32. hxg4 Rh8 33. Kg2
Rdd8 34. Rh3 Rxh3 35. Kxh3 Rh8+ 36. Kg2 Rh4 37. Kg3 Rh7 38. Rf2 b4 39. Rh2 Rxh2
40. Kxh2 Ke7 41. Kg3 Kd7 42. g5 Kc7 43. gxf6 gxf6 44. Kg4 Kb6 45. Kh5 c4 46.
Kg6 c3 47. Kxf6 c5 48. Kxe6 c4 49. dxc4 Kxa6 50. f5 Kb6 51. Kd6 a5 52. f6 a4
53. f7 axb3 54. f8=Q bxc2 55. Qb8+ Ka6 56. Kc6 c1=R 57. Qa8# {Hossa checkmated}
1-0

[Event "ICS rated bullet match"]
[Site "207.99.83.229"]
[Date "1999.07.09"]
[Round "?"]
[White "Hossa"]
[Black "nullifier"]
[Result "1-0"]
[WhiteElo "2391"]
[BlackElo "2007"]
[PlyCount "63"]

1. e4 c6 2. c4 d6 3. Nc3 Nd7 4. Nf3 Qc7 5. Be2 g6 6. O-O Bg7 7. d4 e6 8. Bf4
Ngf6 9. c5 Nh5 10. Bxd6 Qd8 11. Bc4 b6 12. Ne5 Nxe5 13. dxe5 Bd7 14. Qg4 b5 15.
Bb3 a5 16. a4 b4 17. Ne2 Qc8 18. Rad1 Bf8 19. Bxf8 Kxf8 20. Qf3 Kg7 21. g4 Qe8
22. gxh5 Qe7 23. Qf6+ Qxf6 24. exf6+ Kxf6 25. Rxd7 gxh5 26. f4 Rhg8+ 27. Kh1
Rg4 28. e5+ Kg7 29. Bxe6 Kg6 30. Bxf7+ Kh6 31. Nd4 Rf8 32. Nf5# {
nullifier checkmated} 1-0